[Event "Landesliga Nord 0607"]
[Site "Bayern"]
[Date "2006.11.19"]
[Round "3.6"]
[White "Roerig, Erwin"]
[Black "Balle, Alfred"]
[Result "0-1"]
[WhiteElo "2031"]
[BlackElo "1972"]
[PlyCount "114"]
[EventDate "2006.10.15"]
[EventType "team"]
[EventRounds "9"]
[EventCountry "GER"]
[SourceTitle "EXT 2008"]
[Source "ChessBase"]
[SourceDate "2007.11.25"]
[SourceVersion "1"]
[SourceVersionDate "2007.11.25"]
[SourceQuality "1"]
[WhiteTeam "Neutraubling"]
[BlackTeam "Forchheim II"]
[WhiteTeamCountry "GER"]
[BlackTeamCountry "GER"]

1. e4 c5 2. Nf3 d6 3. d4 cxd4 4. Nxd4 Nf6 5. Nc3 a6 6. a4 e5 7. Nf3 Be7 8. h3 Nbd7 9. Be3 Qc7 10. Be2 Nc5 11. Nd2 Be6 12. Bf3 0-0 13. g4 Rfc8 14. g5 Ne8 15. h4 Qb6 16. b3 Qc7 17. Ne2 b5 18. Ng3 bxa4 19. bxa4 Rab8 20. 0-0 Nd7 21. c4 Rb4 22. Be2 Nc5 23. Qc2 a5 24. Rfb1 Rcb8 25. Rxb4 Rxb4 26. Rb1 Bd7 27. Rxb4 axb4 28. Qb2 Qb8 29. Bxc5 dxc5 30. Bd1 Qd6 31. Qc2 g6 32. Ngf1 Nc7 33. Ne3 Ne6 34. Nd5 Bd8 35. Nf3 Kg7 36. Qb2 Nd4 37. Nxd4 exd4 38. f4 h6 39. Qg2 h5 40. Bc2 Bg4 41. Bd3 Qa6 42. Qa2 Bd7 43. Bc2 Qe6 44. f5 gxf5 45. Nf4 Qe5 46. Nxh5+ Kg6 47. Bd1 fxe4 48. a5 e3 49. Qg2 d3 50. Qf3 e2 51. Qxd3+ Bf5 52. Qxe2 Qxe2 53. Nf4+ Kg7 54. Bxe2 b3 55. Bd3 Bxd3 56. Nxd3 Bxa5 57. Kf2 Bc3 0-1

[Event "Landesliga Nord 0607"]
[Site "Bayern"]
[Date "2006.10.29"]
[Round "2.7"]
[White "Goetschel, Sebastian"]
[Black "Balle, Alfred"]
[Result "1/2-1/2"]
[WhiteElo "1889"]
[BlackElo "1972"]
[PlyCount "119"]
[EventDate "2006.10.15"]
[EventType "team"]
[EventRounds "9"]
[EventCountry "GER"]
[SourceTitle "EXT 2008"]
[Source "ChessBase"]
[SourceDate "2007.11.25"]
[SourceVersion "1"]
[SourceVersionDate "2007.11.25"]
[SourceQuality "1"]
[WhiteTeam "Kulmbach"]
[BlackTeam "Forchheim II"]
[WhiteTeamCountry "GER"]
[BlackTeamCountry "GER"]

1. c4 Nf6 2. g3 e6 3. Bg2 d5 4. Nf3 Be7 5. 0-0 0-0 6. cxd5 exd5 7. d4 c6 8. Nbd2 Bf5 9. Qb3 Qb6 10. Qxb6 axb6 11. Ne5 Bd6 12. Ndf3 Re8 13. e3 h6 14. Bd2 Ne4 15. Nh4 Nxd2 16. Nxf5 Bxe5 17. Rfd1 Nc4 18. dxe5 Rxe5 19. b3 Na5 20. Nd4 Na6 21. Rac1 Re7 22. Rd2 Nc7 23. Nf5 Re5 24. Nd4 g6 25. Bf1 b5 26. Bh3 Re7 27. Bg2 Ne6 28. Nf3 Kg7 29. Ne5 f6 30. Nf3 f5 31. Rcc2 Kf6 32. Bf1 g5 33. Bd3 Rd8 34. Be2 Red7 35. Nd4 Nxd4 36. Rxd4 Ke6 37. Kf1 Kd6 38. Bf3 Kc7 39. g4 fxg4 40. Bxg4 Rd6 41. Bf3 b6 42. h4 gxh4 43. Rxh4 c5 44. Ke1 Nc6 45. Be2 c4 46. a3 Ra8 47. bxc4 bxc4 48. Rc3 b5 49. Bf3 Ne5 50. Be2 Kb6 51. Rh5 Nc6 52. Bf3 Rad8 53. Rc1 Ka5 54. Kd2 b4 55. axb4+ Nxb4 56. Rxc4 Ka4 57. Rd4 Rf6 58. Bxd5 Rxf2+ 59. Ke1 Rdf8 60. Rf4 1/2-1/2

[Event "Landesliga Nord 0506"]
[Site "Bayern"]
[Date "2006.03.12"]
[Round "8.8"]
[White "Balle, Alfred"]
[Black "Baur, Stephan"]
[Result "1-0"]
[WhiteElo "1911"]
[BlackElo "1918"]
[PlyCount "103"]
[EventDate "2005.10.23"]
[EventType "team"]
[EventRounds "9"]
[EventCountry "GER"]
[SourceTitle "EXT 2007"]
[Source "ChessBase"]
[SourceDate "2006.11.23"]
[SourceVersion "1"]
[SourceVersionDate "2006.11.23"]
[SourceQuality "1"]

1. e4 c5 2. Nc3 Nc6 3. g3 g6 4. Bg2 Bg7 5. d3 d6 6. Be3 Bd7 7. Qd2 Rb8 8. Nge2 b5 9. f4 b4 10. Nd1 Qb6 11. 0-0 Nh6 12. h3 f5 13. g4 0-0 14. exf5 gxf5 15. g5 Nf7 16. c3 bxc3 17. bxc3 e5 18. Bd5 Kh8 19. Ng3 Nxg5 20. fxg5 f4 21. Ne4 fxe3 22. Rxf8+ Rxf8 23. Nxe3 Ne7 24. Kh2 Nxd5 25. Nxd5 Qc6 26. c4 Be6 27. Ne3 Qd7 28. Qg2 Rf4 29. Rb1 Rf8 30. Ng4 Bf5 31. Rf1 Qe7 32. Ngf6 Qe6 33. Nd5 h6 34. h4 hxg5 35. hxg5 Kg8 36. Rf3 Bxe4 37. Rxf8+ Kxf8 38. dxe4 Qg6 39. Qf3+ Ke8 40. Qg4 Kd8 41. Kg3 Qf7 42. Qf3 Qg6 43. Kg4 Qe8 44. Qf5 Qa4 45. Qf7 Qd7+ 46. Qxd7+ Kxd7 47. Kf5 Ke8 48. Ke6 Bf8 49. g6 a5 50. Nf6+ Kd8 51. Kf7 Be7 52. g7 1-0